Les Personnes avec Melania Trump Quiz - Statistiques

Statistiques générales
  • Ce quiz a été pris 34 fois
  • Le résultat moyen est 4 sur 15
Statistiques - réponses
Par images Réponse % Correct
Bill Clinton/Kylie Bax
80%
Pape François
77%
Michelle Obama
73%
Barron Trump
60%
Theresa May/Philip May
47%
Shinzo Abe
40%
Akie Abe
33%
Moon Jae-In/Kim Jung-Sook
7%
Juliana Awada
3%
Teresa Parson/Mike Parson
3%
Agata Kornhauser-Duda
0%
Gertrude Mutharika
0%
Jayanthi Sirisena/Maithripala Sirisena
0%
Kyle Kashuv
0%
Margaret Kenyatta
0%
Aucun quiz correspondant
Distribution des résultats
% des personnes avec chaque résultat
Percentile par nombre de réponses
Votre historique - résultats
Vous n’avez pas pris ce quiz